| 000 | 01079nam a2200217 i 4500 | ||
|---|---|---|---|
| 001 | 152723 | ||
| 003 | ES-MaACL | ||
| 005 | 20230906204843.0 | ||
| 008 | 940206s1887 sp |||| |cspa d | ||
| 245 | 0 | 0 |
_aBreve compendio de los varones ilustres de Galicia _b: nativos, y próximos originarios, esclarecidos en virtudes, literatura y dignidades eclesiásticas, con algunas cortas relaciones de sucesos particulares / _ctodo recopilado de varios autores por D. José Pardiñas Villalovos, Soto y Romero de Caamaño. |
| 260 |
_aLa Coruña : _bAndrés Martínez, _c1887 ( _fImp. de José Miguez Peinó y Hermano) |
||
| 300 |
_aXIII, 246 p. ; _c20 cm. |
||
| 490 | 1 | _aBiblioteca gallega | |
| 530 | _aDisponible en formato digital. | ||
| 650 | 4 |
_aGallegos- _vBiografías. _9136160 |
|
| 700 | 1 |
_aPardiñas Villalovos Soto y Romero de Caamaño, José. _9166876 |
|
| 830 | 0 |
_aBiblioteca gallega _9180864 |
|
| 852 |
_aES-MaACL _jG-9210 _z- Enc. pasta española |
||
| 856 |
_uhttp://bdh-rd.bne.es/viewer.vm?id=0000192185&page=1 _zBiblioteca Digital Hispánica |
||
| 999 |
_c152723 _d152723 |
||